Finanční účetnictví a výkaznictví podle mezinárodních standardů IFRS /
Příručka seznamuje s jednotlivými standardy IFRS.
Uloženo v:
| Hlavní autor: | |
|---|---|
| Médium: | E-kniha |
| Jazyk: | Czech |
| Vydáno: |
V Brně :
BizBooks,
2022
|
| Vydání: | 6. aktualizované a doplněné vydání |
| Témata: | |
| Tagy: |
Žádné tagy |
| LEADER | 02358nam a2200553 i 4500 | ||
|---|---|---|---|
| 001 | 311623 | ||
| 003 | CZ PrSKC | ||
| 005 | 20260601215708.0 | ||
| 007 | ta | ||
| 008 | 220901s2022 xr a f 000 0 cze | ||
| 015 | |a cnb003445427 | ||
| 020 | |a 9788026510857 |q (vázáno) : |c Kč 849,00 | ||
| 035 | |a (OCoLC)1350559321 | ||
| 040 | |a BOA001 |b cze |e rda | ||
| 043 | |a e------ | ||
| 072 | 7 | |a 657 |x Účetnictví |2 Konspekt | |
| 080 | |a 657 |2 MRF | ||
| 080 | |a 657.375 |2 MRF | ||
| 080 | |a 657:006.322 |2 MRF | ||
| 080 | |a (4) |2 MRF | ||
| 080 | |a (048.8) |2 MRF | ||
| 100 | 1 | |a Dvořáková, Dana, |d 1966- |7 ola2003198133 |4 aut | |
| 245 | 1 | 0 | |a Finanční účetnictví a výkaznictví podle mezinárodních standardů IFRS / |c Dana Dvořáková |
| 246 | 1 | 8 | |a Finanční účetnictví a výkaznictví IFRS |
| 250 | |a 6. aktualizované a doplněné vydání | ||
| 264 | 1 | |a V Brně : |b BizBooks, |c 2022 | |
| 300 | |a 358 stran : |b ilustrace ; |c 24 cm | ||
| 336 | |a text |b txt |2 rdacontent | ||
| 337 | |a bez média |b n |2 rdamedia | ||
| 338 | |a svazek |b nc |2 rdacarrier | ||
| 500 | |a Anglicko-český slovník | ||
| 504 | |a Obsahuje bibliografii a bibliografické odkazy | ||
| 520 | 2 | |a Příručka seznamuje s jednotlivými standardy IFRS. | |
| 650 | 0 | 7 | |a účetnictví |7 ph116911 |x mezinárodní kontext |2 czenas |
| 650 | 0 | 7 | |a účetnictví |7 ph116911 |z země Evropské unie |2 czenas |
| 650 | 0 | 7 | |a účetní výkazy |7 ph674496 |z země Evropské unie |2 czenas |
| 650 | 0 | 7 | |a mezinárodní účetní standardy |7 ph231090 |z země Evropské unie |2 czenas |
| 650 | 0 | 9 | |a accounting |x international context |2 eczenas |
| 650 | 0 | 9 | |a accounting |z European Union countries |2 eczenas |
| 650 | 0 | 9 | |a financial statements |z European Union countries |2 eczenas |
| 650 | 0 | 9 | |a international accounting standards |z European Union countries |2 eczenas |
| 655 | 7 | |a monografie |7 fd132842 |2 czenas | |
| 655 | 9 | |a monographs |2 eczenas | |
| 900 | |a ABA001 |b 19 | ||
| 928 | 9 | |a Albatros Media - BizBooks | |
| 044 | |a xr | ||
| 910 | |a RBIT002 | ||
| 998 | |d 357657 |a https://core.palmknihy.cz/api/books/357657/cover?sic4hp |b https://core.palmknihy.cz/api/books/357657/cover/400?sic4hp |c https://core.palmknihy.cz/api/books/357657/cover/50?sic4hp |e 2032-12-31 |g 360 |i 9788026510857 |k https://core.palmknihy.cz/api/books/357657/preview.pdf |l |q 49 |r 1 |s https://www.palmknihy.cz/kniha/357657 |t ebook |y 2022 |z 0 | ||
| 999 | |d 311621 | ||